|
|
|
|
| LEADER |
01668nam a2200325 a 4500 |
| 001 |
12377130 |
| 003 |
BD-DhAAL |
| 008 |
090709s1999 bg a b 101 0 eng d |
| 999 |
|
|
|c 2224
|d 2224
|
| 010 |
|
|
|a \\\99949552
|
| 020 |
|
|
|a 8173043477
|
| 020 |
|
|
|a 9840514750
|
| 040 |
|
|
|a DLC
|c DLC
|d DLC
|d BD-DhAAL
|
| 082 |
0 |
0 |
|a 325.3
|2 21
|
| 245 |
0 |
0 |
|a Colonial and post colonial encounters /
|c edited by Niaz Zaman, Firdous Azim and Shawkat Hussain.
|
| 260 |
|
|
|a Dhaka :
|b University Press Limited ;
|a New Delhi :
|b Manohar Publishers & Distributors,
|c 1999
|
| 300 |
|
|
|a x, 227 pages ;
|c 23 cm.
|
| 500 |
|
|
|a Papers presented at a symposium organized jointly by the Department of English, University of Dhaka and the Bangla Academy in 1994.
|
| 504 |
|
|
|a Includes bibliographical references and index.
|
| 526 |
|
|
|a ESS
|
| 541 |
1 |
|
|a Complimentary copy from Professor Dr. Nasreen Khundker.
|e 00008353, 36668
|
| 650 |
|
0 |
|a Colonization
|v Congresses.
|9 37340
|
| 650 |
|
0 |
|a Postcolonialism
|z South Asia
|v Congresses.
|9 37341
|
| 700 |
1 |
|
|a Zaman, Niaz.
|9 37342
|
| 700 |
1 |
|
|a Azim, Firdous,
|d 1952-
|9 37343
|
| 700 |
1 |
|
|a Hussain, Shaukat.
|9 37344
|
| 852 |
4 |
|
|a Ayesha Abed Library
|j General shelf
|
| 942 |
|
|
|2 ddc
|c BK
|
| 952 |
|
|
|0 0
|1 0
|2 ddc
|4 0
|6 325_300000000000000_COL_1999
|7 0
|9 2049
|a BRACUL
|b BRACUL
|c GEN
|d 2009-07-09
|g 400.00
|l 6
|m 4
|o 325.3 COL
|p 3010008353
|r 2026-04-07
|s 2026-03-31
|t 1
|v 800.00
|w 2009-07-09
|y BK
|
| 952 |
|
|
|0 0
|1 1
|2 ddc
|4 0
|6 325_300000000000000_COL
|7 0
|9 67194
|a BRACUL
|b BRACUL
|c GEN
|d 2019-11-19
|e Complimentary copy from Professor Dr. Nasreen Khundker
|g 400.00
|l 1
|m 1
|o 325.3 COL
|p 3010036668
|r 2022-06-23
|s 2020-03-15
|t 2
|w 2019-11-19
|y BK
|z Lost & Cost paid by PIN 6063, memo no. 46381 on 23.6.2022.
|